Chu Văn toàn tập. t.I, Truyện ngắn /
Guardado en:
| Autor principal: | |
|---|---|
| Formato: | Sách giấy |
| Lenguaje: | Vietnamese |
| Publicado: |
H. :
Văn học,
2010.
|
| Materias: | |
| Etiquetas: |
Agregar Etiqueta
Sin Etiquetas, Sea el primero en etiquetar este registro!
|
| Thư viện lưu trữ: | Thư viện Trường Đại học Đà Lạt |
|---|
| LEADER | 00759nam a2200313 4500 | ||
|---|---|---|---|
| 001 | DLU110126672 | ||
| 005 | ##20111014 | ||
| 040 | # | # | |a DLU |b vie |
| 041 | # | # | |a vie |
| 044 | # | # | |a vn |
| 082 | # | # | |a 895.922 809 |b CH-V |
| 100 | # | # | |a Chu Văn. |
| 245 | # | # | |a Chu Văn toàn tập. |n t.I, |p Truyện ngắn / |c Chu Văn. |
| 260 | # | # | |a H. : |b Văn học, |c 2010. |
| 300 | # | # | |a 885 tr. ; |c 21 cm. |
| 650 | # | # | |a Truyện ngắn Việt Nam |y Thế kỷ 20. |
| 650 | # | # | |a Văn học Việt Nam |y Thế kỷ 20. |
| 923 | # | # | |a 16/2011 |
| 990 | # | # | |a t.I |
| 991 | # | # | |a SH |
| 992 | # | # | |a 200000 |
| 994 | # | # | |a DLU |
| 900 | # | # | |a True |
| 911 | # | # | |a Đào Thị Thu Huyền |
| 925 | # | # | |a G |
| 926 | # | # | |a A |
| 927 | # | # | |a SH |
| 980 | # | # | |a Thư viện Trường Đại học Đà Lạt |